Normal view
MARC view
Entry Personal Name
001 - CONTROL NUMBER
- control field: 18218
003 - CONTROL NUMBER IDENTIFIER
- control field: OSt
005 - DATE AND TIME OF LATEST TRANSACTION
- control field: 20260122200410.0
008 - FIXED-LENGTH DATA ELEMENTS
- fixed length control field: 260122|| aca||aabn | a|a d
040 ## - CATALOGING SOURCE
- Original cataloging agency: OSt
- Transcribing agency: OSt
100 ## - HEADING--PERSONAL NAME
- Personal name: Demano, Rochelle G., author
670 ## - SOURCE DATA FOUND
- Source citation: Work cat.: (OSt): Demano, Rochelle G., author., The digital marketing strategies utilization of selected construction enterprises in the 1st District of Cavite /, 2023.
